अथर्ववेद: सम्पूर्ण हिन्दी भाष्य, शब्दार्थ एवं मन्त्र - अनुक्रमणिका सहित (Record no. 1433577)
[ view plain ]
| 000 -LEADER | |
|---|---|
| fixed length control field | 01326nam a22002177a 4500 |
| 005 - DATE AND TIME OF LATEST TRANSACTION | |
| control field | 20250711131014.0 |
| 008 - FIXED-LENGTH DATA ELEMENTS--GENERAL INFORMATION | |
| fixed length control field | 250711b |||||||| |||| 00| 0 eng d |
| 020 ## - INTERNATIONAL STANDARD BOOK NUMBER | |
| International Standard Book Number | 978-81-7077-237-8 (hbk (Set) |
| 037 ## - SOURCE OF ACQUISITION | |
| Terms of availability | TB |
| 040 ## - CATALOGING SOURCE | |
| Original cataloging agency | CRL |
| Transcribing agency | CRL |
| 084 ## - COLON CLASSIFICATION NUMBER | |
| Classification number | Q14:21 152R4.7-.8 |
| Assigning agency | CRL |
| 245 ## - TITLE STATEMENT | |
| Title | अथर्ववेद: सम्पूर्ण हिन्दी भाष्य, शब्दार्थ एवं मन्त्र - अनुक्रमणिका सहित |
| 260 ## - PUBLICATION, DISTRIBUTION, ETC. | |
| Place of publication, distribution, etc. | दिल्ली, भारत: |
| Name of publisher, distributor, etc. | विजयकुमार गोविन्दराम हासानन्द, |
| Date of publication, distribution, etc. | 2024. |
| 300 ## - PHYSICAL DESCRIPTION | |
| Extent | 1265पृ0 (भाग 7 काण्ड संख्या 1 से 10 ) |
| Other physical details | 1272,2481पृ0 (भाग 8 काण्ड संख्या ग्यारह से बीस तक) |
| 365 ## - TRADE PRICE | |
| Price amount | 1800.00 |
| Currency code | INR |
| 440 ## - SERIES STATEMENT/ADDED ENTRY--TITLE | |
| Volume/sequential designation | भाग 7-8 |
| 650 ## - SUBJECT ADDED ENTRY--TOPICAL TERM | |
| Source of heading or term | धर्म शास्त्र |
| 700 ## - ADDED ENTRY--PERSONAL NAME | |
| Personal name | त्रिवेदी, क्षेमकरणदास |
| Relator term | Tr. |
| 9 (RLIN) | 815370 |
| 942 ## - ADDED ENTRY ELEMENTS (KOHA) | |
| Source of classification or shelving scheme | Colon Classification (CC) |
| Koha item type | Textbook |
| Classification part | Q14:21 152R4.7-.8 |
| Suppress in OPAC | No |
| Withdrawn status | Lost status | Source of classification or shelving scheme | Damaged status | Not for loan | Home library | Current library | Date acquired | Source of acquisition | Cost, normal purchase price | Serial Enumeration / chronology | Inventory number | Total Checkouts | Full call number | Barcode | Date due | Date last seen | Date last checked out | Price effective from | Koha item type |
|---|---|---|---|---|---|---|---|---|---|---|---|---|---|---|---|---|---|---|---|
| Colon Classification (CC) | Central Library | Arts Library | 2025-07-11 | Katyani pub & book seller | 1800.00 | भाग 7 | 026 & 2025-01-09 | 1 | Q14:21 152R4.7-.8 | CL1682507 | 2025-12-30 | 2025-12-30 | 2025-12-30 | 2025-07-11 | Textbook | ||||
| Colon Classification (CC) | Central Library | Arts Library | 2025-07-11 | Katyani pub & book seller | 1800.00 | भाग 8 | 026 & 2025-01-09 | 1 | Q14:21 152R4.7-.8 | CL1682508 | 2025-12-30 | 2025-12-30 | 2025-12-30 | 2025-07-11 | Textbook |
